Datum a čas kvízu
27
Celkem bodů
Celkový počet nahraných bodů na tomto kvízu bez doplňovacích otázek.
4.
Pořadí na kvízu
Konečné umístění týmu na tomto kvízu.
Zaznamenané odpovědi
| # | Otázka | Odpověď | Body | Výsledky |
|---|---|---|---|---|
| 1. | Mezi tradičními novoročními zp... | Břeclav | 1 | |
| 2. | Slovenská prezidentka Zuzana Č... | Milada Horáková | 0 | |
| 3. | Jedné americké herečce byl zab... | Sharon Stone | 0 | |
| 4. | Česká obchodní inspekce řeší p... | geoblocking | 0 | |
| 5. | Minulý týden se ve Švýcarsku k... | Spenglerův pohár, Davos | 0 | |
| 6. | 1. ledna došlo ke zvýšení rodi... | 300 000 Kč | 1 | |
| 7. | V jednom z francouzských zámoř... | Nová Kaledonie | 0 | |
| 8. | Nový čínský rok začíná 25. led... | kryse | 0 | |
| 9. | Nejbezpečnějšími aerolinkami p... | Qantas | 0 | |
| 10. | V červenci a srpnu se v Japons... | D | 0 |